صد ق حد يد کا تو ضيحی ا شا ر يہ :جلد ا و ل و د و م (Record no. 95376)
[ view plain ]
| 000 -LEADER | |
|---|---|
| fixed length control field | 00820nam a22002297a 4500 |
| 005 - DATE AND TIME OF LATEST TRANSACTION | |
| control field | 20150730155921.0 |
| 008 - FIXED-LENGTH DATA ELEMENTS--GENERAL INFORMATION | |
| fixed length control field | 140714b xxu||||| |||| 00| 0 Urdu d |
| 010 ## - LCCN (DPL NO) | |
| LC control number | UR-9270-71 |
| 020 q# - INTERNATIONAL STANDARD BOOK NUMBER | |
| Terms of availability | 1000.00(Each) |
| 035 ## - SYSTEM CONTROL NUMBER | |
| System control number | U-7825-26 |
| 037 ## - SOURCE OF ACQUISITION | |
| Source of stock number/acquisition | DBAD/Pub. |
| 040 ## - CATALOGING SOURCE | |
| Original cataloging agency | DPL |
| Language of cataloging | Urdu |
| 082 ## - DEWEY DECIMAL CLASSIFICATION NUMBER | |
| Classification number | 840.8 |
| 100 ## - MAIN ENTRY--PERSONAL NAME | |
| Personal name | عبد ا لعليم قد و ا ئ |
| 245 ## - TITLE STATEMENT | |
| Title | صد ق حد يد کا تو ضيحی ا شا ر يہ :جلد ا و ل و د و م |
| Statement of responsibility, etc | عبد ا لعليم قد و ا ئ |
| 246 ## - VARYING FORM OF TITLE | |
| Title proper/short title | Sadaque Jadeed ka Touzihi Isharia(V.1 to 2) |
| Remainder of title | ByAbdul Aleem Qidwai |
| 260 ## - PUBLICATION, DISTRIBUTION, ETC. (IMPRINT) | |
| Place of publication, distribution, etc | Patna |
| Date of publication, distribution, etc | 2013 |
| Name of publisher, distributor, etc | Khuda Bakhsh Oriental Pub. Lib. |
| 270 ## - ADDRESS | |
| Address | Khuda Bakhsh Oriental Pub. Lib. |
| City | Patna |
| Postal code | 4 |
| Telephone number | - |
| 300 ## - PHYSICAL DESCRIPTION | |
| Extent | 654p.V.1 ; 622p.V.2 |
| Dimensions | 22Cm (Hb) |
| 490 ## - SERIES STATEMENT | |
| Volume number/sequential designation | Vol.2 |
| 942 ## - ADDED ENTRY ELEMENTS (KOHA) | |
| Source of classification or shelving scheme | Dewey Decimal Classification |
| Item type | Urdu Bks |
| Edition | |
| Classification part | 840.8 |
| Call number suffix | ق د و |
| Withdrawn status | Lost status | Source of classification or shelving scheme | Materials specified (bound volume or other part) | Damaged status | Not for loan | Collection code | Home library | Current library | Date acquired | Source of acquisition | Cost, normal purchase price | Total Checkouts | Full call number | Barcode | Date last seen | Copy number | Cost, replacement price | Koha item type |
|---|---|---|---|---|---|---|---|---|---|---|---|---|---|---|---|---|---|---|
| Dewey Decimal Classification | v.1 | Not For Loan | Non-fiction | D.B.Act.Division | D.B.Act.Division | 30/07/2015 | DBAD/Pub. | 1000.00 | 840.8 ق د و | U-7825 | 30/07/2015 | 1 | 1000.00 | Urdu Bks | ||||
| Dewey Decimal Classification | v.2 | Not For Loan | Non-fiction | D.B.Act.Division | D.B.Act.Division | 30/07/2015 | DBAD/Pub. | 1000.00 | 840.8 ق د و | U-7826 | 30/07/2015 | 1 | 1000.00 | Urdu Bks |
